1444 1348 1573 1664 1030 1072 1678 1031 1263 1817 1668 1272 1966 1497 1795 1644 1414 1170 1801 1865 1637 1818 1527 1680 1850 1068 1518 1556 1350 1598 1726 1384 1234 1126 1388 1868 1929 1340 1533 1246 1517 1901 1656 1519 1509 1150 1359 1375 1088 1629 1492 1503 1181 1876 1864 1097 1437 1416 1454 1098 1051 1198 1783 1004 1074 1349 1130 1987 1695 1025 1984 1940 1120 1514 1290 1538 1860 1753 1309 1514 1391 1950 1715 1832 1798 1969 1981 1202 1263 1676 1327 1895 1951 1831 1404 1643 1207 1316 1528 BCNSPRNW ULIB Ver.6.0+V

เปลี่ยนเป็นภาษาไทย

Change to English
 แสดงรายละเอียดบรรณานุกรม
  กลับหน้าหลัก

Brief Record : Get Marc (ISO 2709) : E-mail record : QR code < ปิดหน้าต่าง
LEADER : 00000nam 2200000uu 4500
001    13399113215
003     ULIB
008    111003s2544||||th 000 0 tha d
020    9745885428 (ล.2)
050  4 QA278.7^bด437ก ล.2 2544
100 0  ดุสิต สุจิรารัตน์
245 10 การวิเคราะห์ข้อมูลด้วยโปรแกรม SPSS for WINDOWS 2/^cดุสิต สุจิรารัตน์
250    พิมพ์ครั้งที่ 3 (ฉบับปรับปรุงใหม่ครั้งที่ 2)
260    กรุงเทพฯ :^bภาควิชาระบาดวิทยา คณะสาธารณสุขศาสตร์ มหาวิทยาลัยมหิดล,^c2544
300    2 ล. :^bภาพประกอบ ;^c30 ซม. +^eดิสเกตต์ 1 แผ่น
650  4 เอสพีเอสเอส (โปรแกรมคอมพิวเตอร์)
650  4 เอสพีเอสเอสสำหรับวินโดวส์
710 2  มหาวิทยาลัยมหิดล. ^bคณะสาธารณสุขศาสตร์.^bภาควิชาระบาดวิทยา
945    ^p200^l0^i013644
945    ^p200^l0^i013645
945    ^p200^l0^i013646
995    ทศพร
999 ^a ทศพร
รายการนี้ยังไม่มีแท็ก
คุณยังไม่ได้ล็อกอิน คุณสามารถมีกิจกรรมร่วมกับเว็บไซต์ได้ แต่ต้องล็อกอินก่อน ::
  ล็อกอิน

รายการสื่อสารสนเทศ

ลำดับที่ ประเภท เลขเรียก/บาร์โค้ด สถานที่ สถานะ
- ไม่พบข้อมูล -

รายการใกล้เคียง
    ผู้แต่ง [ดุสิต สุจิรารัตน์]

    หัวเรื่อง [เอสพีเอสเอส (โปรแกรมคอมพิวเตอร์)]
    หัวเรื่อง [เอสพีเอสเอสสำหรับวินโดวส์]

BibComment


ยังไม่เคยถูกคอมเมนท์

คอมเมนท์ทรัพยากรรายการนี้
  คอมเมนท์: การวิเคราะห์ข้อมู..


 Copyright 2026. Bcnsprnw @Library